Mô hình hóa sự biến đổi ẩm và truyền nhiệt trong quá trình chiên chân không : Luận văn thạc sĩ Khoa học chuyên ngành Công nghệ thực phẩn & Đồ uống

Mô hình hoá sự biến đổi ẩm và truyền nhiệt trong quá trình chiên chân không được nghiên cứu với vật liệu có dạng hình cầu và hình trụ( vật liệu hình cầu được chọn là hạt sen,vật liệu được chọn là khoai tây).Quá trình chiên được th...

Disgrifiad llawn

Wedi'i Gadw mewn:
Manylion Llyfryddiaeth
Prif Awdur: Nguyễn, Văn Vũ
Fformat: Llyfr
Iaith:Undetermined
Cyhoeddwyd: Cần Thơ Trường Đại học Cần Thơ 2010
Pynciau:
Tagiau: Ychwanegu Tag
Dim Tagiau, Byddwch y cyntaf i dagio'r cofnod hwn!
Thư viện lưu trữ: Trung tâm Học liệu Trường Đại học Cần Thơ
LEADER 01795nam a2200229Ia 4500
001 CTU_163309
008 210402s9999 xx 000 0 und d
082 |a 664.0028 
082 |b V500 
088 |a 60540101 
100 |a Nguyễn, Văn Vũ 
245 0 |a Mô hình hóa sự biến đổi ẩm và truyền nhiệt trong quá trình chiên chân không : 
245 0 |b Luận văn thạc sĩ Khoa học chuyên ngành Công nghệ thực phẩn & Đồ uống 
245 0 |c Nguyễn Văn Vũ ; Võ Tấn Thành (hướng dẫn khoa học) 
260 |a Cần Thơ 
260 |b Trường Đại học Cần Thơ 
260 |c 2010 
520 |a Mô hình hoá sự biến đổi ẩm và truyền nhiệt trong quá trình chiên chân không được nghiên cứu với vật liệu có dạng hình cầu và hình trụ( vật liệu hình cầu được chọn là hạt sen,vật liệu được chọn là khoai tây).Quá trình chiên được thực hiện tại 4 mức nhiệt độ là 110,120,130,140 độ C trong khi duy trì áp suất chiên tại 0,02 bar.Hai cảm biến nhiệt độ loại T với độ chính xác 0,01 độ C được sử dụng để ghi nhận sự thay đổi nhiệt độ môi trường và sản phẩm trong quá trình chiên thông qua hệ thống analog kết nối với máy tính với khoảng cách giữa cách giữa 2 lần ghi là 10 giây. 
650 |a Food,Thực phẩm 
650 |x Biochemistry,Hóa sinh học 
904 |i Thoa, Hải 
980 |a Trung tâm Học liệu Trường Đại học Cần Thơ